00630nam a2200169 i 4500001000700000003000900007005001700016007000300033008004100036100003100077245020200108260005300310300003200363600002700395710001600422852002200438101815ES-MaACL20230906183002.0t|051026s1959 sp f |||| |bspa d1 aMelús, Rafael María L.10aVida y obra de la M.R.M. Elisea Oliver Molina, fundadora de la Congregación de Hermanas de la Beatísima Virgen María del Monte Carmelo, de la T.O. de Carmelitas / cRafael María L. Melús. aOrihuela (Alicante) : bH.H. Carmelitas, c1959. a375 p., 6 lám. ; c19 cm.14aOliver Molina, Elisea.2 aCarmelitas. aES-MaACLjC-16298